Wszystkie czynne przystanki tramwajowe w Krakowie - Statystyki

Ogólne statystyki
  • Ten quiz został rozwiązany 47 razy
    11 od ostatniego zresetowania
  • Średni wynik to 118 z 165
Statystyki odpowiedzi
Przystanek % Poprawnych
Elektromontaż
100%
Klasztorna
100%
Kopiec Wandy
100%
Pleszów
100%
Wzgórza Krzesławickie
100%
Zajezdnia Nowa Huta
100%
AWF/PK
83%
Bieńczycka
83%
Bieżanowska
83%
Borek Fałęcki
83%
Brama nr 4
83%
Brama nr 5
83%
Bronowice
83%
Bronowice Małe
83%
Bronowice SKA
83%
Cienista
83%
Czerwone Maki P+R
83%
Darwina
83%
Bardosa
83%
Rondo Czyżyńskie
83%
Dworzec Główny Tunel
83%
Dworzec Główny Zachód
83%
Dworzec Płaszów Estakada
83%
Dworzec Towarowy
83%
Filharmonia
83%
Fort Mogiła
83%
Giedroycia
83%
Grodzki Urząd Pracy
83%
Jarzębiny
83%
Jubilat
83%
Koksochemia
83%
Kombinat
83%
Krowodrza Górka P+R
83%
Kurdwanów P+R
83%
Łagiewniki
83%
Lubicz
83%
Mały Płaszów P+R
83%
Meksyk
83%
Mistrzejowice
83%
Nowy Bieżanów P+R
83%
Nowy Kleparz
83%
Plac Bohaterów Getta
83%
Plac Centralny im. R. Reagana
83%
Plac Wolnica
83%
Plac Wszystkich Świętych
83%
Poczta Główna
83%
Politechnika
83%
Rondo Grzegórzeckie
83%
Rondo Kocmyrzowskie im. Ks. Gorzelanego
83%
Rondo Mogilskie
83%
Ruczaj
83%
Salwator
83%
Stefana Batorego
83%
Stella-Sawickiego
83%
Stradom
83%
Suche Stawy
83%
św. Gertrudy
83%
św. Wawrzyńca
83%
Szwedzka
83%
Teatr Bagatela
83%
Teatr Ludowy
83%
Teatr Słowackiego
83%
UJ/AST
83%
Wawel
83%
Wesele
83%
Białoprądnicka
67%
Białucha
67%
Biprostal
67%
Bociana
67%
Borsucza
67%
Bratysławska
67%
Brożka
67%
Cichy Kącik
67%
Cmentarz Podgórski
67%
Cystersów
67%
Czyżyny
67%
Dąbie
67%
Dauna
67%
DH Wanda
67%
Os. Kolorowe
67%
Dworcowa
67%
Fabryczna
67%
Gałczyńskiego
67%
Górka Narodowa P+R
67%
Górnickiego
67%
Hala Targowa
67%
Kabel
67%
Kampus UJ
67%
Kapelanka
67%
Kleeberga
67%
Klimeckiego
67%
Kobierzyńska
67%
Komorowskiego
67%
Korona
67%
Kuklińskiego
67%
Kuźnicy Kołłątajowskiej
67%
Łagiewniki SKA
67%
Łagiewniki ZUS
67%
Lipińskiego
67%
Lipska
67%
Miodowa
67%
Miśnieńska
67%
Muzeum Lotnictwa Polskiego
67%
Muzeum Narodowe
67%
Norymberska
67%
Nullo
67%
Ofiar Dąbia
67%
Ogród Doświadczeń
67%
Oleandry
67%
Orzeszkowej
67%
Os. Na Skarpie
67%
Os. Piastów
67%
Os. Zgody
67%
Pachońskiego P+R
67%
Papierni Prądnickich
67%
Pędzichów
67%
Piaski Nowe
67%
Piasta Kołodzieja
67%
Plac Inwalidów
67%
Podgórze SKA
67%
Prokocim
67%
Prokocim Szpital
67%
Reymana
67%
Rondo 308. Dywizjonu
67%
Rondo Grunwaldzkie
67%
Rondo Hipokratesa
67%
Rondo Matecznego
67%
Rondo Piastowskie
67%
Rzebika
67%
Rzemieślnicza
67%
Sanktuarium Bożego Miłosierdzia
67%
Siewna Wiadukt
67%
Smolki
67%
Solvay
67%
Stary Kleparz
67%
Struga
67%
Szpital Narutowicza
67%
TAURON Arena Kraków Al. Pokoju
67%
Teatr Variete
67%
UKEN
67%
Wańkowicza
67%
Witosa
67%
Wlotowa
67%
Zabłocie
67%
Chmieleniec
50%
Cmentarz Rakowicki
50%
Ćwiklińskiej
50%
Dunikowskiego
50%
Głowackiego
50%
Gromadzka
50%
Grota-Roweckiego
50%
Kościuszkowców
50%
Limanowskiego
50%
Muzeum Fotografii
50%
Nowosądecka
50%
Nowy Prokocim
50%
Os. Złotego Wieku
50%
Park Jordana
50%
Słomiana
50%
Starowiślna
50%
TAURON Arena Kraków Wieczysta
50%
Teligi
50%
Turowicza
50%
Uniwersytet Ekonomiczny
50%
Urzędnicza
50%
Nie znaleziono quizów pasujących do podanych kryteriów
Rozkład punktacji
Procent ludzi z każdym wynikiem
Percentyl według liczby udzielonych odpowiedzi
Twoja historia wyników
Nie rozwiązałeś tego quizu od ostatniego zresetowania